000 00432nam a2200181Ia 4500
001 16461
008 140404s9999 xx 000 0 und d
020 _a0-340-69146-8
040 _cPK-LaUMT
082 _aR 306.03
_bBRO-C
100 _aBrooker, Peter
245 _aCultural theory
_ba glossary
_cBrooker, Peter
260 _aLondon,UK:
_bAronld,
_c2003
300 _a297 p.
546 _aEN
650 _aGlossary
942 _cBK
999 _c16911
_d16911